Time and narrative

Αποθηκεύτηκε σε:
Λεπτομέρειες βιβλιογραφικής εγγραφής
Κύριος συγγραφέας: Ricoeur, Paul
Μορφή: Βιβλίο
Γλώσσα:English
French
Δημοσίευση: Chicago : The University of Chicago Press, 1984-1988.
Θέματα:
Ετικέτες: Προσθήκη ετικέτας
Δεν υπάρχουν, Καταχωρήστε ετικέτα πρώτοι!

MARC

LEADER 00000cam a2200000 i 4500
001 1/91978
008 991108m19841988ilu| ||| |||| ||eng||
020 |a 0226713326   |q (τ. 1)   |q (χαρτόδετο) 
020 |a 0226713342   |q (τ. 2)   |q (χαρτόδετεο) 
020 |a 0226713350   |q (τ. 3)   |q (πανόδετο) 
020 |a 0226713369   |q (τ. 3)   |q (χαρτόδετο) 
035 |l 10053849 
040 |a GR-MyUa  |b gre  |e AACR2 
041 1 |a eng  |h fre 
082 7 |a 809.923   |2 (22) 
100 1 |a Ricoeur, Paul. 
245 1 0 |a Time and narrative /   |c Paul Ricoeur ; translated by Kathleen McLaughlin, David Pellauer. 
260 |a Chicago :   |b The University of Chicago Press,   |c 1984-1988. 
300 |a 3 τ. ;   |c 23 εκ. 
504 |a Περιλαμβάνει βιβλιογραφίες και ευρετήρια. 
650 0 0 |a Narration (Rhetoric) 
650 0 0 |a Time in literature. 
650 0 0 |a Mimesis in literature. 
650 0 0 |a Plots (Drama, novel, etc.) 
650 0 0 |a History  |x Philosophy. 
765 0 8 |i Μετάφραση του:   |t Temps et recit /  
852 |a INST  |b RHODES  |e 19991122  |h 809.923 RIC  |p 005400011879  |q 005400011879  |t BK  |y 0  |z v.3 
852 |a INST  |b RHODES  |e 19991108  |h 809.923 RIC  |p 005400011884  |q 005400011884  |t BK  |y 0  |z v.2 
852 |a INST  |b RHODES  |e 19991108  |h 809.923 RIC  |p 005400011885  |q 005400011885  |t BK  |y 0  |z v.1 
852 |a INST  |b RHODES  |e 19991122  |h 809.923 RIC  |p 005400011879  |q 005400011879  |t BK  |v τ.3:  |y 0  |z v.3 
852 |a INST  |b RHODES  |e 19991108  |h 809.923 RIC  |p 005400011884  |q 005400011884  |t BK  |v τ.2:  |y 0  |z v.2 
852 |a INST  |b RHODES  |e 19991108  |h 809.923 RIC  |p 005400011885  |q 005400011885  |t BK  |v τ.1:  |y 0  |z v.1 
852 |a INST  |b SYROS  |e 20220726  |h 809.923 RIC  |p 005500015675  |q 005500015675  |t BK  |v τ.3:  |y 0 
852 |a INST  |b SYROS  |e 20220726  |h 809.923 RIC  |p 005500015676  |q 005500015676  |t BK  |v τ.2:  |y 0 
852 |a INST  |b SYROS  |e 20220726  |h 809.923 RIC  |p 005500015677  |q 005500015677  |t BK  |v τ.1:  |y 0 
853 |a INST  |b RHODES  |h 809.923 RIC 
853 |a INST  |b SYROS  |h 809.923 RIC 
901 |a BIBL4-1999-3 
922 |a 4ΕΛΗ  |b 199908  |c ΚΠΣ/154  |d GLORY BOOKS 
970 |a ΚΟΥΛΑΚΙΟΤΗ  |b ΛΙΤΣΑ  |z 1999/11/08